Which Monarch Came First? Quiz Stats

 Plays Quiz Updated Aug 2, 2015

Also try: The King Is Dead!
Challenge
Share
Tweet
Embed
Score 0/12 Timer 05:00
0 Plays Today
Who of these was the first named... Answer % Correct
Frederick I: 1) Holy Roman Emperor, 2) King of Prussia, or 3) King of Sweden????
69.1%
William I: 1) Count of Luxembourg, 2) Duke of Bavaria, or 3) Duke of Normandy????
67.5%
William I: 1) Duke of Aquitaine, 2) King of Prussia, or 3) King of Sicily????
64.4%
Charles I: 1) King of Hungary, 2) Holy Roman Emperor, or 3) King of Naples????
58.8%
John I: 1) Duke of Cleves, 2) King of England, or 3) Byzantine Emperor????
58.7%
Louis I: 1) Holy Roman Emperor, 2) King of Hungary, or 3) King of Spain????
56.6%
Ferdinand I: 1) Holy Roman Emperor, 2) King of Portugal, or 3) King of the Two Sicilies????
43.6%
Robert I: 1) King of Scotland, 2) King of the Franks, or 3) Count of Flanders????
43.6%
Philip I: 1) Duke of Burgundy, 2) King of Castile, or 3) King of France????
34.5%
James I: 1) King of Aragon, 2) King of England, or 3) King of Scotland????
30.5%
Henry I: 1) King of England, 2) King of Germany, or 3) King of Portugal????
25.7%
Charles I: 1) Duke of Bourbon, 2) King of England, or 3) King of Sweden????
22.1%

You're not logged in!

Compare scores with friends on all Sporcle quizzes.
OR
Log In

You Might Also Like...

Show Comments

Extras

Top Quizzes Today


Score Distribution

Your Account Isn't Verified!

In order to create a playlist on Sporcle, you need to verify the email address you used during registration. Go to your Sporcle Settings to finish the process.

Report this User

Report this user for behavior that violates our Community Guidelines.

Details: